Study of radiation energy conversion utilizing magnetic properties of materials : dát. obhajoby 2.3.2020, č. ved. odboru 5-2-48

Gespeichert in:
Bibliographische Detailangaben
1. Verfasser: Iliť, Tomáš (Verfasst von)
Weitere Verfasser: Valko, Pavol (Betreuung Doktorarbeit)
Format: Manuskript Buch
Sprache:Slowakisch
Englisch
Veröffentlicht: Bratislava : STU v Bratislave FEI, 2019
Schlagworte:
Online-Zugang:http://is.stuba.sk/zp/portal_zp.pl?podrobnosti=130797
Tags: Tag hinzufügen
Keine Tags, Fügen Sie das erste Tag hinzu!

MARC

LEADER 00000ntm a22000003a 4500
001 stuzp48999
003 SK-STU
005 20230413100545.7
007 ta
008 150427s2015----xo-----f-mn---000-0-slo-d
040 |a STU  |b slo 
041 0 |a eng 
044 |a xo 
100 1 |a Iliť, Tomáš  |u 036000  |4 aut  |U FEI Fakulta elektrotechniky a informatiky  |T FEI Ústav jadrového a fyzikálneho inžinierstva  |X 64873  |U E060  |Y 817  |7 A000064873 
242 0 1 |a Štúdium využitia magnetických vlastností látok pri konverzii energie žiarenia na elektrickú energiu.  |y slo 
245 1 0 |a Study of radiation energy conversion utilizing magnetic properties of materials :  |b dát. obhajoby 2.3.2020, č. ved. odboru 5-2-48 
260 |a Bratislava :  |b STU v Bratislave FEI,  |c 2019 
300 |a 111 s. 
650 4 |a Ultra-rýchla demagnetizácia  |2 slo 
650 4 |a Termomagnetická konverzia energie  |2 slo 
650 4 |a Brzdenie iónov v magnetiku  |2 slo 
650 4 |a Thermomagnetic energy conversion  |2 eng 
650 4 |a Ion stopping in magnetic materials  |2 eng 
650 4 |a Ultra-fast demagnetization  |2 eng 
650 4 |a Ion-induced thermal spike  |2 eng 
700 1 |a Valko, Pavol  |u 036000  |k Z1  |4 ths  |U FEI Fakulta elektrotechniky a informatiky  |T FEI Ústav jadrového a fyzikálneho inžinierstva  |X 4234  |U E060  |Y 817  |7 A000004234 
856 4 |u http://is.stuba.sk/zp/portal_zp.pl?podrobnosti=130797 
996 |b 284ED01643  |c E*ZP-506  |l EE01  |s A  |a 24  |w stuzp48999_0001